000 00359nam a2200133Ia 4500
008 240624s9999 xx 000 0 und d
041 _aeng
082 _a658.8 WOO
100 _aWOODBURN DIANA
245 _aHANDBOOK OF STRATEGIC ACCOUNT MANAGEMENT
260 _c2014
_aNew Jersey
_bJohn Wiley & Sons
300 _axiii, : 634 : p. : cm. ; 25
365 _c
_b26
999 _c23473
_d23473